| 000 | 00558nam a2200169 a 4500 | ||
|---|---|---|---|
| 005 | 20140414132055.0 | ||
| 008 | 100520s19uu xx 00 eng d | ||
| 050 |
_aREF 546 _bE44 2003 |
||
| 245 | _aElements. | ||
| 250 | _aNorth American ed | ||
| 260 |
_aMilwaukee, WI : _bGareth Stevens, _c2003. |
||
| 440 | _aDiscovery Channel school science: physical science | ||
| 520 | _aPresents information and instructions for activities related to chemical elements found on Earth and in outer space. | ||
| 650 | _aElements | ||
| 999 |
_c114297 _d114297 |
||